Statistics for Top 30 NBA 2016 Players

Click here to take the quiz!

General Stats

  • This quiz has been taken 11,812 times
  • The average score is 28 of 30

Answer Stats

Rank Player Team % Correct
1Stephen CurryGolden State Warriors
100%
3LeBron JamesCleveland Cavaliers
100%
2Russell WestbrookOklahoma City Thunder
100%
5Kevin DurantOklahoma City Thunder
99%
14James HardenHouston Rockets
98%
8Chris PaulLos Angeles Clippers
98%
19Klay ThompsonGolden State Warriors
97%
12Draymond GreenGolden State Warriors
97%
10Paul GeorgeIndiana Pacers
97%
9Dwyane WadeMiami Heat
97%
6Damian LillardPortland Trail Blazers
97%
4Kawhi LeonardSan Antonio Spurs
97%
7Kyle LowryToronto Raptors
96%
21Anthony DavisNew Orleans Pelicans
96%
11DeMarcus CousinsSacramento Kings
95%
23DeMar DeRozanToronto Raptors
95%
20John WallWashington Wizards
95%
25Dirk NowitzkiDallas Mavericks
94%
16Jimmy ButlerChicago Bulls
94%
13Isaiah ThomasBoston Celtics
94%
17Kemba WalkerCharlotte Hornets
93%
29Carmelo AnthonyNew York Knicks
93%
24Karl-Anthony TownsMinnesota Timberwolves
91%
26DeAndre JordanLos Angeles Clippers
91%
18Andre DrummondDetroit Pistons
90%
15Paul MillsapAtlanta Hawks
84%
27Gordon HaywardUtah Jazz
84%
22LaMarcus AldridgeSan Antonio Spurs
83%
28Giannis AntetokounmpoMilwaukee Bucks
82%
30Hassan WhitesideMiami Heat
82%

Score Distribution

Percentile by Number Answered

Percent of People with Each Score

Your Score History

You have not taken this quiz